Normal view
MARC view
- Nazia Malik.
Entry Personal Name
001 - CONTROL NUMBER
- control field: 27868
003 - CONTROL NUMBER IDENTIFIER
- control field: NUST
005 - DATE AND TIME OF LATEST TRANSACTION
- control field: 20200122122605.0
008 - FIXED-LENGTH DATA ELEMENTS
- fixed length control field: 200122|| aca||aabn | a|a d
040 ## - CATALOGING SOURCE
- Original cataloging agency: NUST
- Transcribing agency: NUST
100 ## - HEADING--PERSONAL NAME
- Personal name: Nazia Malik.
670 ## - SOURCE DATA FOUND
- Source citation: Work cat.: (NUST): Waseem, Aimel 27867, Measuring the Current Political Participation Levels of University Students of Pakistan and Assessing the Impact of Students Unions on Nurturing Political Leadership in Pakistan /, 2019.
